000 00720cam a22002533a 4500
001 24331
003 PGUSA
005 20140828083523.0
008 080116s2008||||xxu|||||s|||||000 p eng d
040 _aPGUSA
_beng
042 _adc
050 4 _aPS
100 1 _aRiley, James Whitcomb,
_d1849-1916
245 1 3 _aAn Old Sweetheart of Mine
_h[electronic resource] /
_cJames Whitcomb Riley
260 _bProject Gutenberg,
_c2008
506 _aPublic domain in the USA.
516 _aElectronic text
653 _aLove poetry
700 1 _aChristy, Howard Chandler,
_d1873-1952
700 1 _aKeep, Virginia
830 0 _aProject Gutenberg
_v24331
856 4 0 _uhttp://www.gutenberg.org/ebooks/24331
942 _cEB
999 _c253586
_d253586